| 000 | 00829nam a22002297a 4500 | ||
|---|---|---|---|
| 003 | DO-SdBNP | ||
| 005 | 20221020090833.0 | ||
| 007 | ta | ||
| 008 | 221020b2018 dr ||||| |||| 00| 0 spa d | ||
| 040 |
_aDO-SdBNP _bspa _cBNPHU |
||
| 082 | 4 | _222 | |
| 245 | 0 | 0 | _aNovedades de autores dominicanos. |
| 260 |
_aSanto Domingo, República Dominicana : _bLibrería la Trinitaria, _c2018. |
||
| 300 |
_a55 p. : _bil. ; _c26 cm. |
||
| 500 | _aCátalogo 2016-2017 | ||
| 504 | _aBibliografías : p. 49-54 | ||
| 505 | 0 |
_aNarrativa -- _tpoesía -- _tEnsayos -- _tBibliografía -- _tPublicaciones de la comisión permanente de efemérides patrias -- _tPublicaciones del archivo general de la nación -- _tOtros temas -- _tEdiciones la trinitaria. |
|
| 590 | _aInventariado, 2022/BT | ||
| 710 | _976518 | ||
| 910 | _aBtavárez | ||
| 942 |
_2ddc _cLBS1 |
||
| 999 |
_c52589 _d52589 |
||